Bihar (Record no. 4653)

MARC details
000 -LEADER
fixed length control field 00509cam a2200193ua 4500
008 - FIXED-LENGTH DATA ELEMENTS--GENERAL INFORMATION
fixed length control field 120927n ii |||gr||||Z||||||eng
020 ## - INTERNATIONAL STANDARD BOOK NUMBER
International Standard Book Number 81-237-0151-9
040 ## - CATALOGING SOURCE
Transcribing agency MAIN
082 ## - DEWEY DECIMAL CLASSIFICATION NUMBER
Classification number 305.8
100 1# - MAIN ENTRY--PERSONAL NAME
Personal name Prasad, Ram Chandra,
Relator term
245 10 - TITLE STATEMENT
Title Bihar
Statement of responsibility, etc. by Ram Chandra Prasad
250 ## - EDITION STATEMENT
Edition statement 2nd rep. /
Remainder of edition statement India-The land the people.
260 ## - PUBLICATION, DISTRIBUTION, ETC.
Place of publication, distribution, etc. New Delhi:
Name of publisher, distributor, etc. National book trust, India,
Date of publication, distribution, etc. 2003.
300 ## - PHYSICAL DESCRIPTION
Extent viii, 208p.
942 ## - ADDED ENTRY ELEMENTS (KOHA)
Koha item type Books
653 ## - INDEX TERM--UNCONTROLLED
Uncontrolled term Sociology
653 ## - INDEX TERM--UNCONTROLLED
Uncontrolled term People of Bihar
Holdings
Withdrawn status Lost status Damaged status Not for loan Home library Current library Shelving location Date acquired Total Checkouts Full call number Barcode Date last seen Copy number Price effective from Koha item type
        Central Library, Naharkatiya College Central Library, Naharkatiya College General Stacks 19/09/2020   305.8Sociology | PRA 16705 19/09/2020 1 19/09/2020 Books

Naharkatiya College © 2020. All rights reserved.

Powered By